Asterix in Britain

Bibliographic Details
Format: Book
Published: London : Hodder Dargaud , 1960
Subjects:

MARC

LEADER 00000cam a2200000 7i4500
001 0000003441
002 000003709
005 20000330.0
020 |a 0340172215 
090 0 0 |a C   |b AST 
245 0 0 |a Asterix in Britain   |c text by Goscinny 
260 |a London :   |b Hodder Dargaud ,   |c 1960 
300 |a 48p. :   |b ill. ;   |c 28cm. 
650 0 0 |a Cartoon and carricatures 
999 |a 036959   |b BUKU   |c CARTOON   |e PERPUSTAKAAN KOMUNITI PETALING JAYA